[Event "45th FIDE Chess Olympiad Open"]
[Site "Budapest, Hungary"]
[Date "2024.09.11"]
[Round "1.10"]
[White "Elbilia, Jacques"]
[Black "Erigaisi Arjun"]
[Result "0-1"]
[WhiteElo "2343"]
[BlackElo "2778"]
[PlyCount "80"]
[EventDate "2024.??.??"]
[WhiteTeam "Morocco"]
[BlackTeam "India"]
[WhiteTeamCountry "MAR"]
[BlackTeamCountry "IND"]
[WhiteClock "0:00:54"]
[BlackClock "0:16:11"]

1. d4 Nf6 2. c4 e6 3. Nc3 Bb4 4. e3 b6 5. Nge2 Ne4 6. Bd2 Nxd2 7. Qxd2 O-O 8. a3 Be7 9. g3 Bb7 ({RR} 9... Nc6 10. Bg2 Rb8 11. b4 Qe8 12. O-O Bd8 13. f4 Ne7 14. e4 d6 15. g4 Ng6 16. Ng3 Nh4 17. Bh1 c5 18. dxc5 bxc5 19. b5 Bb7 20. Qxd6 Ba5 21. Qd3 Rd8 22. Qe3 Rd4 23. Nge2 Qe7 24. g5 {Lobanov,S (2507)-Antipov,M (2601) chess.com INT 2024 1-0 (49)}) 10. e4 ({RR} 10. d5 d6 11. Bg2 e5 12. O-O Nd7 13. f4 g6 14. Rae1 Bf6 15. g4 Bg7 16. g5 Qe7 17. Ng3 f5 18. gxf6 Nxf6 19. Bh3 Bc8 20. f5 gxf5 21. Nxf5 Bxf5 22. Rxf5 Nd7 23. Rh5 Rf6 24. Bf5 Rh6 {Volkov,S (2629)-Moiseenko,A (2631) Sochi 2004 1-0 (41)}) 10... Nc6 11. Qd3 $146 ({RR} 11. b4 e5 12. d5 Nd4 13. Nxd4 exd4 14. Qxd4 a5 15. b5 Bc5 16. Qd2 Qf6 17. f4 Rae8 18. Bd3 c6 19. Kf1 cxd5 20. cxd5 Qd4 21. Kg2 f5 22. exf5 Re3 23. Rhd1 Rf6 24. h4 Bxd5+ 25. Nxd5 Qxd5+ {Muehlebach,F-Ballmann,M (2305) Zuerich 1991 0-1}) 11... Ba6 12. b4 Bxb4 13. axb4 Nxb4 14. Qb1 c5 15. Rxa6 Nxa6 16. d5 Nb4 17. Bg2 exd5 18. Nxd5 Nxd5 19. exd5 Re8 20. Qd3 b5 21. O-O b4 22. d6 Rb8 23. Nf4 Qf6 24. Qb3 Qxd6 25. Bd5 Qa6 26. Rd1 Re7 27. Kg2 Qa3 28. Qb1 b3 29. Qf5 Qa6 30. Nd3 Qf6 31. Qxf6 gxf6 32. Kf3 b2 33. Rb1 Rb3 34. Be4 d5 35. cxd5 c4 36. Rxb2 Ra3 37. Rd2 Kg7 38. Kf4 cxd3 39. Bf5 Ra4+ 40. Kf3 Re5 0-1

[Event "45th FIDE Chess Olympiad Open"]
[Site "Budapest, Hungary"]
[Date "2024.09.11"]
[Round "1.11"]
[White "Vidit, Santosh Gujrathi"]
[Black "Ouakhir, Mehdi Pierre"]
[Result "1-0"]
[WhiteElo "2720"]
[BlackElo "2191"]
[PlyCount "55"]
[EventDate "2024.??.??"]
[WhiteTeam "India"]
[BlackTeam "Morocco"]
[WhiteTeamCountry "IND"]
[BlackTeamCountry "MAR"]
[WhiteClock "0:16:36"]
[BlackClock "0:04:20"]

1. e4 e5 2. Nf3 Nc6 3. Bb5 d6 4. d4 Bd7 5. Bxc6 Bxc6 6. Nc3 Nf6 7. Qe2 exd4 8. Nxd4 Bd7 ({RR} 8... Be7 9. Nxc6 bxc6 10. b3 O-O 11. Bb2 Re8 12. O-O-O d5 13. Qf3 Nxe4 14. Nxe4 dxe4 15. Qg4 Bg5+ 16. Kb1 Qe7 17. Rd7 h5 18. Qf5 g6 19. Qh3 Qc5 20. g4 h4 21. f4 exf3 22. Qxf3 Re7 23. Rxe7 {SlowChess Blitz 2.9 avx2 (3491)-Berserk dev10_20220912 (3509) tcec-chess.com INT 2022 ½-½ (36)}) ({RR} 8... Qd7 9. Be3 O-O-O 10. f3 Kb8 11. b4 Qe8 12. b5 Bd7 13. Qc4 d5 14. Qa4 a6 15. Rb1 dxe4 16. Nc6+ Bxc6 17. bxc6 exf3 18. Rxb7+ Kc8 19. Rb8+ {1-0 (19) Fuchs,P (2094)-Spiesberger,G (2036) Linz AUT 2024}) 9. Bf4 Be7 10. O-O-O O-O 11. Rhg1 $146 ({RR} 11. f3 Nh5 12. Be3 Bg5 13. g4 Nf4 14. Qd2 Ne6 15. f4 Nxd4 16. Bxd4 Bf6 17. g5 Bxd4 18. Qxd4 Bc6 19. Rhg1 Qe7 20. h4 Kh8 21. h5 f6 22. h6 g6 23. Rde1 Rae8 24. Nd5 Bxd5 25. Qxd5 b6 {Talybov,S (2026)-Safonov,R (2108) Moscow 2008 ½-½ (62)}) 11... b5 12. Ndxb5 Re8 13. g4 Rb8 14. Nd4 Qc8 15. g5 Ng4 16. Nf5 Bxf5 17. exf5 Ne5 18. Bxe5 dxe5 19. f6 Bf8 20. fxg7 Bxg7 21. Qc4 Qf5 22. Ne4 Qf4+ 23. Kb1 Rb6 24. Rd7 Rbe6 25. h4 Kh8 26. Rxc7 a5 27. a3 h6 28. Rd1 1-0

[Event "45th FIDE Chess Olympiad Open"]
[Site "Budapest, Hungary"]
[Date "2024.09.11"]
[Round "1.12"]
[White "Moayad, Anas"]
[Black "Harikrishna, Pentala"]
[Result "0-1"]
[WhiteElo "2016"]
[BlackElo "2686"]
[PlyCount "66"]
[EventDate "2024.??.??"]
[WhiteTeam "Morocco"]
[BlackTeam "India"]
[WhiteTeamCountry "MAR"]
[BlackTeamCountry "IND"]
[WhiteClock "0:06:07"]
[BlackClock "0:12:22"]

1. e4 c5 2. Nf3 Nc6 3. Bb5 d6 4. O-O Bd7 5. Re1 Nf6 6. c3 a6 7. Bf1 Bg4 8. h3 Bxf3 9. Qxf3 g6 10. a4 Bg7 11. Na3 O-O 12. Qd1 Nd7 13. Nc2 Qb6 14. d3 $146 ({RR} 14. Ne3 e6 15. d3 Qc7 16. g3 b5 17. Bg2 b4 18. Bd2 Rab8 19. Nc4 bxc3 20. bxc3 Nde5 21. Nxe5 Nxe5 22. Qc2 Rb7 23. Rab1 Rfb8 24. f4 Nc6 25. Kh2 Qa5 26. Rxb7 Rxb7 27. f5 Qb6 28. fxe6 fxe6 {Ribera Veganzones,S (2309)-Sahakyan,A (2287) Prague CZE 2024 1-0 (53)}) 14... Rab8 15. Ne3 Qd8 16. Qc2 b5 17. axb5 axb5 18. Bd2 Qc8 19. f4 e6 20. Kh1 b4 21. Reb1 Qc7 22. Ra6 Nb6 23. Be2 Qb7 24. Raa1 d5 25. exd5 exd5 26. Bf3 Qd7 27. Bg4 Qd6 28. f5 d4 29. Nc4 Nxc4 30. dxc4 dxc3 31. bxc3 b3 32. Qc1 Qd3 33. Bd1 Qf1+ 0-1

[Event "45th FIDE Chess Olympiad Open"]
[Site "Budapest, Hungary"]
[Date "2024.09.11"]
[Round "1.13"]
[White "Dominguez, Jose Manuel"]
[Black "Wei, Yi"]
[Result "0-1"]
[WhiteElo "2195"]
[BlackElo "2762"]
[PlyCount "92"]
[EventDate "2024.??.??"]
[WhiteTeam "Dominican Republic"]
[BlackTeam "China"]
[WhiteTeamCountry "DOM"]
[BlackTeamCountry "CHN"]
[WhiteClock "0:26:54"]
[BlackClock "0:37:48"]

1. e4 c5 2. Nf3 Nc6 3. Be2 Nf6 4. d3 g6 5. O-O Bg7 6. Re1 d5 7. Nbd2 O-O 8. Bf1 e5 9. c3 Qc7 ({RR} 9... h6 10. a3 d4 11. cxd4 cxd4 12. b4 Re8 13. Nb3 b6 14. Bd2 Bd7 15. g3 Rc8 16. Bg2 Bf8 17. Qb1 Nh7 18. Ra2 a6 19. Rc1 Ng5 20. Nxg5 hxg5 21. Rac2 g4 22. Rc4 Na7 23. Rxc8 Nxc8 24. Be1 {Popchev,M (2196)-Damljanovic,B (2436) Belgrade SRB 2022 0-1 (43)}) 10. a3 $146 ({RR} 10. a4 b6 11. Nb3 Rd8 12. Qc2 h6 13. exd5 Nxd5 14. Nfd2 Be6 15. a5 Rab8 16. axb6 axb6 17. g3 Rd7 18. Nc4 Rbd8 19. Nbd2 b5 20. Ne3 Nde7 21. Ne4 Qb6 22. Ng2 Nd5 23. Ne3 Nce7 24. Nxd5 Nxd5 {Pelikan,J-Pugach,M Buenos Aires 1966 0-1 (58)}) 10... a5 11. a4 h6 12. exd5 Nxd5 13. Nc4 b6 14. Qb3 Be6 15. Bd2 Rfe8 16. h3 Rad8 17. Rad1 f5 18. Bc1 Bf7 19. Qc2 g5 20. Nfd2 Bh5 21. Be2 Bg6 22. Nf1 Kh7 23. Nfe3 Nce7 24. Qb3 Nxe3 25. fxe3 Nc8 26. e4 f4 27. Bg4 Rf8 28. Rf1 Rf6 29. h4 gxh4 30. Qc2 Qe7 31. Qe2 Rc6 32. Rf3 Nd6 33. b3 h5 34. Bh3 Nf7 35. Rff1 Nh6 36. Kh1 Rf8 37. Nd2 Bf7 38. Nc4 Ng4 39. Bxg4 hxg4 40. Qxg4 Rh6 41. Qh3 Be6 42. Qh2 h3 43. g3 fxg3 44. Qxg3 Rg6 45. Qe1 Bg4 46. Rxf8 Qxf8 0-1

[Event "45th FIDE Chess Olympiad Open"]
[Site "Budapest, Hungary"]
[Date "2024.09.11"]
[Round "1.14"]
[White "Yu, Yangyi"]
[Black "Araujo Sanchez, Josue"]
[Result "1-0"]
[WhiteElo "2703"]
[BlackElo "2296"]
[PlyCount "43"]
[EventDate "2024.??.??"]
[WhiteTeam "China"]
[BlackTeam "Dominican Republic"]
[WhiteTeamCountry "CHN"]
[BlackTeamCountry "DOM"]
[WhiteClock "0:26:33"]
[BlackClock "0:37:51"]

1. e4 c6 2. d4 a6 3. Nd2 ({RR} 3. Be2 d5 4. e5 c5 5. Nf3 Nc6 6. dxc5 Bg4 7. Be3 Bxf3 8. Bxf3 e6 9. c4 Nge7 10. cxd5 Nxd5 11. Bxd5 exd5 12. O-O d4 13. Bf4 Bxc5 14. Nd2 O-O 15. Ne4 Qd5 16. Qf3 Rad8 17. Rfe1 Be7 {Paravyan,D (2612)-Anton Guijarro,D (2691) chess.com INT 2023 1-0}) ({RR} 3. Bd3 d5 4. exd5 cxd5 5. c3 Nc6 6. Bf4 Nf6 7. Ne2 g6 8. O-O Bg7 9. Nd2 O-O 10. h3 Bf5 11. Bxf5 gxf5 12. Ng3 e6 13. Nh5 Nxh5 14. Qxh5 Qf6 15. Nb3 b5 16. Nc5 Qg6 17. Qxg6 hxg6 {Martinez Romero,M (2402)-Araujo Sanchez,J (2333) Rivera, Huila COL 2023 ½-½}) 3... d5 4. e5 $146 ({RR} 4. c3 g6 5. Bd3 Bg7 6. Ngf3 Nh6 7. O-O O-O 8. Re1 f6 9. h3 Nf7 10. e5 fxe5 11. dxe5 e6 12. Nb3 Qe7 13. c4 Nd7 14. cxd5 cxd5 15. Bf4 b6 16. Bg3 Nc5 17. Nbd4 Bd7 18. Rc1 a5 {Wieczorek,O (2494)-Anton Guijarro,D (2691) chess.com INT 2023 1-0 (35)}) ({RR} 4. Ngf3 Bg4 5. c3 e6 6. Bd3 Nf6 7. h3 Bh5 8. Qe2 Be7 9. e5 Nfd7 10. Nf1 c5 11. Be3 Nc6 12. Ng3 Bg6 13. O-O Bxd3 14. Qxd3 O-O 15. Rfe1 b5 16. Nh2 Qb6 17. f4 f6 18. Nf3 fxe5 {Hartikainen,J (2094)-Bonin,J (2166) chess.com INT 2024 0-1 (32)}) 4... c5 5. Ngf3 Nc6 6. dxc5 Bg4 7. h3 Bxf3 8. Nxf3 e6 9. Be3 Qc7 10. c3 Nxe5 11. Nxe5 Qxe5 12. Qa4+ Kd8 13. O-O-O Qc7 14. b4 Ne7 15. c4 Qc6 16. Qa5+ Kc8 17. Be2 g6 18. Bf3 Bg7 19. Rhe1 Rd8 20. Bf4 Bf6 21. cxd5 Nxd5 22. Rxd5 1-0

[Event "45th FIDE Chess Olympiad Open"]
[Site "Budapest, Hungary"]
[Date "2024.09.11"]
[Round "1.15"]
[White "Camacho Campusano, David Daniel"]
[Black "Bu, Xiangzhi"]
[Result "0-1"]
[WhiteElo "2219"]
[BlackElo "2693"]
[PlyCount "56"]
[EventDate "2024.??.??"]
[WhiteTeam "Dominican Republic"]
[BlackTeam "China"]
[WhiteTeamCountry "DOM"]
[BlackTeamCountry "CHN"]
[WhiteClock "0:02:12"]
[BlackClock "0:15:18"]

1. e4 c5 2. Nf3 d6 3. d4 cxd4 4. Nxd4 Nf6 5. Nc3 a6 6. Bg5 Nbd7 7. Qd2 e6 8. f3 h6 9. Be3 b5 10. a3 Bb7 11. O-O-O Rc8 12. g4 Ne5 ({RR} 12... d5 13. exd5 Bxd5 14. Nxd5 Nxd5 15. Kb1 Bxa3 16. bxa3 Nc3+ 17. Kb2 Nxd1+ 18. Qxd1 Nb6 19. Bd3 Qe7 20. Qc1 O-O 21. Ka2 Rfd8 22. Rd1 Na4 23. Ne2 Qf6 24. f4 e5 25. Bf5 Rxd1 26. Qxd1 exf4 27. Bd4 {Kleimenov,N (2132)-Lavrik,D (2421) Moscow RUS 2024 0-1 (41)}) 13. g5 hxg5 14. Bxg5 Qc7 $146 ({RR} 14... Be7 15. Rg1 g6 16. h4 Qa5 17. f4 Nc4 18. Bxc4 Rxc4 19. e5 Rxc3 20. exf6 Rxa3 21. bxa3 Qxa3+ 22. Kb1 Bd5 23. Nb3 Bd8 24. Qc3 O-O 25. h5 Ba5 26. Qxa5 {1-0 (26) Szalay,K (2193)-Scantland,P (1751) Gatineau 2009}) 15. Kb1 Nfd7 16. f4 Nc4 17. Bxc4 Qxc4 18. Rhe1 Nb6 19. e5 b4 20. axb4 Qxb4 21. Ne4 Qxd2 22. Rxd2 Nc4 23. Rde2 Bxe4 24. Rxe4 Nd2+ 25. Kc1 Nxe4 26. Rxe4 Rxh2 27. exd6 f6 28. f5 fxg5 0-1

[Event "45th FIDE Chess Olympiad Open"]
[Site "Budapest, Hungary"]
[Date "2024.09.11"]
[Round "1.16"]
[White "Wang, Yue"]
[Black "Jimenez Jimenez, Leandro"]
[Result "1-0"]
[WhiteElo "2637"]
[BlackElo "2188"]
[PlyCount "59"]
[EventDate "2024.??.??"]
[WhiteTeam "China"]
[BlackTeam "Dominican Republic"]
[WhiteTeamCountry "CHN"]
[BlackTeamCountry "DOM"]
[WhiteClock "0:12:07"]
[BlackClock "0:02:02"]

1. d4 Nf6 2. c4 e6 3. Nc3 d5 4. cxd5 exd5 5. Bg5 Nbd7 6. e3 Bb4 7. Bd3 h6 8. Bh4 g5 ({RR} 8... O-O 9. Nge2 Re8 10. O-O c6 11. Qc2 a5 12. a3 Bd6 13. Bg3 Nf8 14. Rab1 Ng4 15. h3 Nf6 16. b4 axb4 17. axb4 b5 18. Qb2 Ne4 19. Bxe4 dxe4 20. Bxd6 Qxd6 21. Ra1 Rb8 22. Ra7 Ng6 23. Ng3 {Eljanov,P (2742)-Savchenko,B (2632) Moscow 2010 1-0 (48)}) 9. Bg3 Ne4 $146 ({RR} 9... c5 10. dxc5 Qa5 11. Nge2 Nh5 12. Bd6 Nxc5 13. O-O Nxd3 14. Qxd3 Bxd6 15. Nb5 Be7 16. Rac1 O-O 17. Qxd5 Nf6 18. Qe5 Be6 19. a4 a6 20. Qc7 axb5 {0-1 (20) Ivanov,A (2068)-Rose,F (2091) chess.com INT 2024}) ({RR} 9... Bxc3+ 10. bxc3 h5 11. h4 g4 12. Ne2 Ne4 13. Bxe4 dxe4 14. Qc2 Nf6 15. Be5 Be6 16. Bxf6 Qxf6 17. Qxe4 O-O-O 18. Qf4 Qg6 19. O-O Bc4 20. Rfe1 Qc2 21. Ng3 Kb8 22. Rec1 Qg6 23. a4 Bd3 24. c4 {Tella,J (2310)-Comp King 2.42 Helsinki 1996 1-0 (69)}) 10. Bxe4 dxe4 11. Nge2 Nb6 12. h4 Bg4 13. Qc2 f5 14. hxg5 Bxe2 15. Qxe2 Qd5 16. Be5 O-O-O 17. Bxh8 Rxh8 18. gxh6 Na4 19. Qc2 Qc6 20. Rc1 Nb6 21. Qb3 Nd5 22. Kd1 Bxc3 23. bxc3 f4 24. c4 Nf6 25. Qb5 Qe6 26. Qe5 Qg4+ 27. Kc2 Re8 28. Qxf6 Re6 29. Qf8+ Kd7 30. Qg7+ 1-0

[Event "45th FIDE Chess Olympiad Open"]
[Site "Budapest, Hungary"]
[Date "2024.09.11"]
[Round "1.17"]
[White "Abdusattorov, Nodirbek"]
[Black "Johnson, Joshua"]
[Result "1-0"]
[WhiteElo "2766"]
[BlackElo "2267"]
[PlyCount "89"]
[EventDate "2024.??.??"]
[WhiteTeam "Uzbekistan"]
[BlackTeam "Trinidad & Tobago"]
[WhiteTeamCountry "UZB"]
[WhiteClock "0:52:20"]
[BlackClock "0:12:46"]

1. e4 e5 2. Nf3 Nc6 3. Bc4 Nf6 4. d3 Bc5 5. c3 d6 6. b4 Bb6 7. a4 a5 8. b5 Ne7 9. Nbd2 O-O 10. O-O Ng6 11. d4 Bg4 12. Qc2 Re8 ({RR} 12... Qd7 13. Re1 Rfe8 14. h3 Bxf3 15. Nxf3 exd4 16. Bb2 dxc3 17. Bxc3 Ne5 18. Nxe5 dxe5 19. Rad1 Qe7 20. Rd3 Red8 21. Rf3 Rd7 22. Rf5 Bd4 23. Bd2 c6 24. bxc6 bxc6 25. Bg5 Rb8 26. Bxf6 gxf6 27. Qc1 {Caruana,F (2793)-Firouzja,A (2751) Saint Louis USA 2024 0-1 (85)}) ({RR} 12... Qd7 13. Re1 Rfe8 14. h3 Bh5 15. Bb2 Nf4 16. Bf1 Ba7 17. c4 Rad8 18. dxe5 dxe5 19. c5 Ne6 20. b6 Bb8 21. Bxe5 Qe7 22. bxc7 Bxc7 23. Bd6 {1-0 (23) Anton Guijarro,D (2669)-Dai,C (2532) Abu Dhabi UAE 2024}) ({RR} 12... Qd7 13. Re1 Rfe8 14. Bb2 Nf4 15. Bf1 Bh5 16. h3 Rad8 17. Kh2 h6 18. g3 Ne6 19. Bg2 Ng5 20. Nxg5 hxg5 21. Nc4 exd4 22. cxd4 Bg6 23. Rad1 g4 24. d5 gxh3 25. Nxb6 cxb6 26. Bxh3 Qe7 27. Qc3 {Abdusattorov,N (2766)-Grischuk,A (2719) Tashkent UZB 2024 1-0 (41)}) 13. h3 $146 ({RR} 13. Re1 exd4 14. cxd4 d5 15. exd5 Rxe1+ 16. Nxe1 Bxd4 17. Rb1 Qd7 18. Qd3 Bb6 19. Qb3 Bf5 20. Rb2 Re8 21. Ndf3 Rd8 22. Bg5 Qd6 23. Nc2 Be4 24. Ne3 Bxf3 25. gxf3 h6 26. Nf5 Qe5 27. Bxf6 Qxf6 {Varela,M (1634)-Zapata Arbelaes,E (1979) Medellin 2013 0-1}) 13... Be6 14. dxe5 Nxe5 15. Nxe5 dxe5 16. Rd1 Qe7 17. Ba3 Bc5 18. Bxe6 fxe6 19. Bc1 Rad8 20. Re1 Rf8 21. Nf3 Bd6 22. Be3 b6 23. Rad1 Rde8 24. Nd2 Bc5 25. Nc4 Bxe3 26. Rxe3 Qc5 27. Nb2 Rd8 28. Nd3 Qd6 29. Ree1 Rd7 30. Kh2 g5 31. Qc1 Rg7 32. Qe3 Qa3 33. Nxe5 Qxa4 34. Qd3 Qa3 35. Qc4 Qe7 36. Nc6 Qf7 37. Nd8 Ng4+ 38. hxg4 Qf4+ 39. Kh1 Rg6 40. f3 Rh6+ 41. Kg1 Rh3 42. Rd3 Qh2+ 43. Kf1 Qg3 44. gxh3 Rxf3+ 45. Ke2 1-0

[Event "45th FIDE Chess Olympiad Open"]
[Site "Budapest, Hungary"]
[Date "2024.09.11"]
[Round "1.18"]
[White "Cabralis, Quinn"]
[Black "Yakubboev, Nodirbek"]
[Result "1/2-1/2"]
[WhiteElo "2169"]
[BlackElo "2666"]
[PlyCount "73"]
[EventDate "2024.??.??"]
[WhiteTeam "Trinidad & Tobago"]
[BlackTeam "Uzbekistan"]
[BlackTeamCountry "UZB"]
[WhiteClock "0:00:43"]
[BlackClock "0:01:54"]

1. e4 {Edouard,Romain} c5 2. Nf3 d6 3. d4 cxd4 4. Nxd4 Nf6 5. Nc3 a6 6. Rg1 b5 7. a4 b4 8. Nd5 Nxe4 ({RR} 8... e6 9. Nxf6+ Qxf6 10. Be3 Bb7 11. Qd2 Bxe4 12. f3) 9. Bc4 e6 10. Qe2 Nf6 $146 ({RR} 10... Nc5 11. c3 Be7 ({RR} 11... bxc3 12. b4 Ncd7 13. Bg5) 12. Nxe7 Qxe7 13. cxb4 Ncd7 14. Bd2 Ne5 ({RR} 14... O-O 15. Nf5) 15. Bb3 O-O 16. O-O-O Nbc6 17. Nc2 Rb8 18. Bc3 Ng6 19. g3 e5 ({RR} 19... d5 20. f4) 20. Bd5 ({RR} 20. f4 Be6 21. Bxe6 Qxe6 22. Qxa6 Rfc8 23. Rge1) 20... Qd7 ({RR} 20... Nd8 21. f4 Be6 22. Qxa6) ({RR} 20... Bb7 21. Bc4) 21. f4 Bb7 ({RR} 21... Nce7 22. Bb3) 22. Bb3 exf4 ({RR} 22... Rfe8 23. Qd3) 23. gxf4 Qf5 24. Qd2 {1-0 (24) Vachier Lagrave,M (2784)-Ding,L (2791) chess24.com INT 2021 CBM 201 [Edouard,Romain]} ({RR} 24. Qf1) {RR} 24... Kh8 25. Rg5 Qh3 26. f5 f6 ({RR} 26... Nge5 27. Rxg7)) ({RR} 10... Nc5 11. c3 bxc3 12. b4 Nb7 13. Nxc3 Be7 14. Be3 O-O 15. a5 d5 16. Bd3 Bxb4 17. Bd2 Nc5 18. Bc2 Bb7 19. f3 Nc6 20. Nxc6 Bxc6 21. Kf2 Qh4+ 22. g3 Qd4+ 23. Qe3 Qxe3+ 24. Kxe3 d4+ 25. Kxd4 {Acikel,M (2241)-Begunov,K (2325) chess.com INT 2024 0-1}) ({RR} 10... Nc5 11. c3 b3 12. Nxb3 Nxb3 13. Bxb3 Nd7 14. a5 Be7 15. Nxe7 Qxe7 16. Bc2 Bb7 17. Ra4 O-O 18. g4 e5 19. g5 e4 20. f4 Rfe8 21. Rd4 d5 22. b4 Nf8 23. Rd1 Qc7 24. Rg3 Ne6 25. Ba4 {Homa,S (2242)-Zhou Jianchao (2570) Los Angeles USA 2022 ½-½ (93)}) ({RR} 10... Nc5 11. c3 b3 12. Nxb3 Nxb3 13. Bxb3 Nc6 14. Bg5 Qa5 15. Bh4 Ne5 16. Nb4 Rb8 17. O-O-O Rxb4 18. cxb4 Qxb4 19. Qxe5 Qxb3 20. Qd4 e5 21. Qxe5+ Be6 22. Qd4 Be7 23. Rd3 Qa2 24. Ra3 Qd5 25. Qxd5 {Yuan,Q (2373)-Sarana,A (2668) chess.com INT 2022 ½-½ (60)}) 11. Bg5 Be7 12. Nxe7 Qxe7 13. O-O-O h6 ({RR} 13... O-O 14. Nf5) 14. Bh4 Ra7 15. f4 Rc7 16. Rge1 d5 17. Bxd5 Qd6 18. Bg3 Nxd5 19. f5 Qe7 20. Bxc7 Nxc7 21. Qc4 O-O 22. f6 Qd8 23. fxg7 Re8 24. Nxe6 Qxd1+ 25. Kxd1 Nxe6 26. Qh4 h5 27. Qxh5 Rd8+ 28. Kc1 Nxg7 29. Qg5 Nc6 30. Re3 Bf5 31. Rg3 Bg6 32. h4 Re8 33. h5 Re5 34. Qf6 Re6 35. Qg5 Re5 36. Qf6 Re6 37. Qg5 1/2-1/2

[Event "45th FIDE Chess Olympiad Open"]
[Site "Budapest, Hungary"]
[Date "2024.09.11"]
[Round "1.19"]
[White "Vokhidov, Shamsiddin"]
[Black "Cupid, Kevin"]
[Result "1-0"]
[WhiteElo "2650"]
[BlackElo "2201"]
[PlyCount "85"]
[EventDate "2024.??.??"]
[WhiteTeam "Uzbekistan"]
[BlackTeam "Trinidad & Tobago"]
[WhiteTeamCountry "UZB"]
[WhiteClock "0:25:47"]
[BlackClock "0:01:38"]

1. e4 c6 2. d4 d5 3. e5 Bf5 4. h4 h5 5. Bd3 Bxd3 6. Qxd3 Qa5+ 7. Nd2 e6 8. Ngf3 Qa6 9. c4 Nh6 10. O-O Nf5 11. Rd1 ({RR} 11. b3 Be7 12. a4 Bxh4 13. Ba3 Be7 14. Bxe7 Nxe7 15. a5 Nd7 16. Rfc1 Rd8 17. b4 dxc4 18. Nxc4 Nf5 19. Ng5 Nb8 20. Qf3 Qb5 21. Ne3 g6 22. Ne4 O-O 23. Nf6+ Kg7 24. Nxh5+ gxh5 25. Nxf5+ exf5 {Sutovsky,E (2650)-Anton Guijarro,D (2679) Poikovsky 2017 1-0 (31)}) 11... Be7 ({RR} 11... Nd7 12. b3 Be7 13. a4 Nxh4 14. Nxh4 Bxh4 15. Ba3 Be7 16. Bxe7 Kxe7 17. b4 dxc4 18. Nxc4 Nb6 19. b5 cxb5 20. Nd6 b4 21. Qf3 Raf8 22. d5 Nxd5 23. Nf5+ exf5 24. Qxd5 Qc6 25. Qd4 Rd8 26. Qh4+ {Harish,N (2090)-Jiganchine,R (2205) chess.com INT 2024 1-0 (43)}) 12. g3 c5 $146 ({RR} 12... Nd7 13. b3 c5 14. dxc5 Nxc5 15. Qc2 dxc4 16. Nxc4 O-O 17. Nd6 Bxd6 18. exd6 Rac8 19. Bf4 Rfd8 20. Rac1 b6 21. d7 Nxd7 22. Rxd7 Rxc2 23. Rxd8+ Kh7 24. Rxc2 f6 25. Rd7 Qb5 26. Rd1 e5 27. Bc1 {Reshef,O (2420)-Povill Claros,X (2194) Barcelona 2016 1-0 (65)}) ({RR} 12... Nd7 13. b3 c5 14. dxc5 Nxc5 15. Qc2 Rd8 16. Bb2 O-O 17. b4 Qa4 18. Nb3 dxc4 19. Qxc4 Rxd1+ 20. Rxd1 Nxb3 21. axb3 Qxb4 22. Qxb4 Bxb4 23. Rd7 Rb8 24. Ng5 Be7 25. Ne4 a5 26. Nd6 Bxd6 27. exd6 {Vokhidov,S (2534)-Suleymanli,A (2537) Chess.com INT 2022 0-1 (46)}) ({RR} 12... Nd7 13. b3 c5 14. Nf1 dxc4 15. bxc4 cxd4 16. Bf4 Nc5 17. Qc2 Rd8 18. N1d2 d3 19. Qb1 O-O 20. Qb5 Nd4 21. Nxd4 Rxd4 22. Be3 Qxb5 23. cxb5 Rb4 24. Bxc5 Bxc5 25. Nb3 Rxb5 26. Rxd3 Bb6 27. Re1 {Kudlak,J (1579)-Kukula,K (1464) Sypniewo 2022 ½-½}) 13. dxc5 Nc6 14. b4 Nxb4 15. Qc3 Bxc5 16. Nb3 Nxg3 17. Re1 Ne4 18. Rxe4 dxe4 19. Nxc5 Qc6 20. Qxb4 b6 21. Ng5 bxc5 22. Qb5 Rc8 23. Nxe4 O-O 24. Qxc6 Rxc6 25. Be3 Rfc8 26. a4 Ra6 27. a5 Kh7 28. Kg2 Kg6 29. Kf3 f5 30. Nxc5 Rac6 31. Nb7 a6 32. Nd6 R8c7 33. Rb1 f4 34. Rg1+ Kh7 35. Kxf4 Rxc4+ 36. Nxc4 Rxc4+ 37. Kg5 Re4 38. Kxh5 Rxe5+ 39. Rg5 Re4 40. Rc5 Ra4 41. Kg5 Ra1 42. Bd4 Rg1+ 43. Kf4 1-0

[Event "45th FIDE Chess Olympiad Open"]
[Site "Budapest, Hungary"]
[Date "2024.09.11"]
[Round "1.20"]
[White "Harper, Ryan"]
[Black "Vakhidov, Jakhongir"]
[Result "0-1"]
[WhiteElo "2124"]
[BlackElo "2571"]
[PlyCount "110"]
[EventDate "2024.??.??"]
[WhiteTeam "Trinidad & Tobago"]
[BlackTeam "Uzbekistan"]
[BlackTeamCountry "UZB"]
[WhiteClock "0:02:54"]
[BlackClock "0:09:57"]

1. e4 c5 2. Nf3 Nc6 3. d4 cxd4 4. Nxd4 g6 5. c4 Nf6 6. Nc3 d6 7. Be2 Nxd4 8. Qxd4 Bg7 9. O-O O-O 10. Qd3 a6 11. f3 ({RR} 11. Bg5 Be6 12. b3 Nd7 13. Qe3 Re8 14. Rac1 Qa5 15. Kh1 f6 16. Bh4 Rac8 17. f4 Bh6 18. Nd5 Bxd5 19. exd5 Nf8 20. Qc3 Qxc3 21. Rxc3 Nd7 22. Re3 a5 23. Be1 a4 24. bxa4 Ra8 25. a5 Bf8 {Firouzja,A (2777)-Mamedov,R (2640) Douglas IOM 2023 1-0 (48)}) 11... Bd7 12. Be3 b5 $146 ({RR} 12... Qa5 13. b4 Qc7 14. Rac1 Rfc8 15. Nd5 Nxd5 16. cxd5 Qd8 17. Qb3 e6 18. Rfd1 Be5 19. f4 Bg7 20. Bf3 Qe8 21. dxe6 Bxe6 22. Qa3 Rxc1 23. Rxc1 Rc8 24. h3 Rxc1+ 25. Qxc1 Bxa2 26. Qc7 Bd5 27. Qxd6 {Materia,M (2457)-Sindarov,J (2674) chess.com INT 2024 0-1 (55)}) 13. cxb5 axb5 14. a3 Rb8 15. b4 Qc7 16. Bd4 Bc6 17. Rfc1 Qd8 18. a4 bxa4 19. b5 Bd7 20. Rxa4 Nh5 21. g3 Bxd4+ 22. Qxd4 Ng7 23. Rb1 Ne6 24. Qe3 Nc5 25. Rab4 Be6 26. b6 Qc8 27. R1b2 Qc6 28. Qd4 Rfc8 29. Kf2 Qb7 30. Na4 Ra8 31. Nc3 Ra3 32. Nd5 Bxd5 33. Qxd5 Qxd5 34. exd5 Rb8 35. Bc4 Kg7 36. Ke2 Na4 37. R2b3 Rxb3 38. Bxb3 Nxb6 39. f4 Nd7 40. Rxb8 Nxb8 41. Ke3 Nd7 42. Kd4 f5 43. Bd1 Nf6 44. Bf3 Kh6 45. Be2 Ng4 46. h3 Nf6 47. g4 fxg4 48. hxg4 g5 49. f5 Kg7 50. Bd1 h5 51. gxh5 Kh6 52. Be2 g4 53. Ke3 Kxh5 54. Kf4 Nxd5+ 55. Kg3 Nf6 0-1